Capitali e Stati dell'Oceania - Statistics

Statistiche generali
  • Questo quiz è stato fatto 599 volte
  • Il punteggio medio è 8 su 14
Statistiche sulle risposte
Hint Risposta % Corretto
Wellington Nuova Zelanda
97%
Canberra Austrialia
88%
Port Moresby Papua Nuova Guinea
69%
Suva Figi
62%
Apia Samoa
53%
Majuro Isole Marshall
50%
Funafuti Tuvalu
50%
Honiara Isole Salomone
47%
Yaren (de facto) Nauru
47%
Ngerulmud Palau
45%
Nuku'alofa Tonga
45%
Port Vila Vanuatu
45%
Tarawa Sud Kiribati
42%
Palikir Stati Federati di Micronesia
42%
Nessun quiz corrispondente trovato
Distribuzione punteggi
Percentuale di utenti per punteggio
Percentile per numero di risposta
I tuoi punteggi nel tempo
Non hai fatto questo quiz